000 01209cam a22002774a 4500
999 _c29758
_d29758
001 15298931
003 PACU
005 20180312175018.0
008 080521s2009 nyu b 001 0 eng
020 _a9781570758041
040 _aPACU
_cPACU
_beng
050 0 0 _aBV 2063
_b.S23 2009
100 1 _aSanneh, Lamin O.
245 1 0 _aTranslating the message :
_bthe missionary impact on culture /
_cLamin Sanneh.
250 _a2nd ed., rev. and expanded.
260 _aMaryknoll, N.Y. :
_bOrbis Books,
_c2009.
300 _axii, 324 p. ;
_c24 cm.
490 0 _aAmerican society of missiology series ;
_vno. 42
504 _aIncludes bibliographical references (p. 293-309) and index.
650 0 _aMissions
_xAnthropological aspects.
_9959
650 0 _aMissions
_xHistory.
856 4 1 _3Table of contents only
_uhttp://www.loc.gov/catdir/toc/ecip0818/2008021715.html
942 _2lcc
_cBK
_hBV 2063
_i.S23
_m2009